000 00365nam a2200121Ia 4500
008 250110s9999 xx 000 0 und d
041 _aeng
100 _aGawade Kashmira
_9182671
245 _aLandscape Development Approach For A Windfram At Devgadh
260 _bM Arch Landscape, Pune
_c2014
300 _a142p
700 _aGuide Name:Kamalapurkar Subhada
_9210346
999 _c363538
_d363538